Political women : language and leadership
Saved in:
| Other Authors: | , |
|---|---|
| Format: | Book |
| Language: | English |
| Published: |
Plymouth :
Lexington Books,
2013.
|
| Subjects: | |
| Tags: |
Add Tag
No Tags, Be the first to tag this record!
|
MARC
| LEADER | 00000nam a2200000 a 4500 | ||
|---|---|---|---|
| 001 | 1/111250 | ||
| 008 | 160705s2013####uk | ||| |||| ||eng|| | ||
| 020 | |a 9781498515627 | ||
| 040 | |a GR-MyUa |b gre |c GR-MyUa |e AACR2 | ||
| 041 | 0 | |a eng | |
| 082 | 7 | |a 320.0820973 |2 (23) | |
| 245 | 0 | 0 | |a Political women : |b language and leadership / |c επιμέλεια: Michele Lockhart, Kathleen Mollick. |
| 260 | |a Plymouth : |b Lexington Books, |c 2013. | ||
| 300 | |a xii, 231 σ. ; |c 23 εκ. | ||
| 504 | |a Περιλαμβάνει βιβλιογραφικές παραπομπές και ευρετήριο. | ||
| 650 | 0 | |a Women |x Political activity. | |
| 650 | 0 | |a Political oratory | |
| 700 | 1 | |a Lockhart, Michele, |e edtf | |
| 700 | 1 | |a Mollick, Kathleen, |e edtf | |
| 852 | |a INST |b RHODES |e 20160705 |h 320.0820973 POL |p 005400038610 |q 005400038610 |t BK |y 0 | ||
| 922 | |a 4ΕΛΗ |b 2016-05 |c ΤΑΚ/ΤΜΣ |d ΔΙΑΔΡΟΜΕΣ | ||
| 970 | |z 05-07-2016 | ||